[Event "OLNO 2223 TSG Oberschöneweide - SC Kreu"]
[Site "?"]
[Date "2023.03.19"]
[Round "7.8"]
[White "Nguyen, Phuc Nhat"]
[Black "Syre, Christian"]
[Result "0-1"]
[WhiteElo "1937"]
[BlackElo "2178"]
[PlyCount "75"]
[EventDate "2023.??.??"]

1. e4 d6 2. d4 Nf6 3. Nc3 g6 4. Be3 a6 5. h3 Nc6 6. a4 Bg7 7. g4 e5 8. dxe5 dxe5 9. g5 Nd7 10. Bc4 Nd4 11. Nd5 c6 12. Nc3 Nc5 13. b4 Nce6 14. Bxe6 Bxe6 15. Nce2 O-O 16. Rb1 Bc4 17. c3 Nxe2 18. Nxe2 Qd3 19. Qxd3 Bxd3 20. Rd1 Bxe4 21. O-O Rfd8 22. Bb6 Rxd1 23. Rxd1 Bd5 24. Re1 Re8 25. c4 Be6 26. Kg2 f5 27. gxf6 Bxf6 28. Ng3 e4 29. Ne2 Rf8 30. Nd4 Bf7 31. Nb3 Bb2 32. Be3 Ba3 33. Bc5 Rd8 34. Ra1 Bxc4 35. Rxa3 Rd3 36. a5 Bxb3 37. Ra1 Bd5 38. Kh2 0-1

[Event "OLNO 2223 SC Rotation Pankow - Greifswal"]
[Site "?"]
[Date "2023.03.19"]
[Round "7.1"]
[White "Stubbe, Wilko"]
[Black "Szelag, Marcin"]
[Result "0-1"]
[WhiteElo "2192"]
[BlackElo "2398"]
[PlyCount "84"]
[EventDate "2023.??.??"]

1. Nf3 Nf6 2. c4 g6 3. b4 Bg7 4. Bb2 a5 5. a3 O-O 6. g3 c6 7. Bg2 axb4 8. axb4 Rxa1 9. Bxa1 Qb6 10. Bc3 Ne4 11. O-O Nxc3 12. dxc3 d6 13. Qd3 Nd7 14. Nbd2 Qa6 15. b5 Qa3 16. bxc6 bxc6 17. Nd4 Ne5 18. Qc2 c5 19. N4b3 Qa6 20. Ra1 Qb6 21. f4 Nc6 22. Rb1 Bd7 23. Kh1 Qc7 24. e3 Ra8 25. h3 Ra3 26. g4 Qa7 27. f5 Ra2 28. Qd3 Ne5 29. Qf1 Qa6 30. Qf4 Bc6 31. e4 h6 32. g5 hxg5 33. Qxg5 Bf6 34. Qh6 Qa8 35. fxg6 fxg6 36. Re1 Qf8 37. Qe3 Kh7 38. Nf3 Qh6 39. Qxh6+ Kxh6 40. Nfd2 Bg5 41. Rd1 Ba4 42. Bf1 Bxd2 0-1

[Event "OLNO 2223 SC Rotation Pankow - Greifswal"]
[Site "?"]
[Date "2023.03.19"]
[Round "7.2"]
[White "Tomczak, Rafal"]
[Black "Teschke, Olaf"]
[Result "1/2-1/2"]
[WhiteElo "2321"]
[BlackElo "2200"]
[PlyCount "91"]
[EventDate "2023.??.??"]

1. e4 e6 2. d4 d5 3. exd5 exd5 4. Bd3 Nc6 5. c3 Bd6 6. Ne2 Qf6 7. Nd2 Nge7 8. Qb3 O-O 9. Nf1 Bf5 10. Bxf5 Qxf5 11. Ne3 Qd3 12. Qc2 Qxc2 13. Nxc2 Ng6 14. f3 Rfe8 15. Kf2 Re6 16. Bd2 Nce7 17. Rae1 Re8 18. g3 Nc8 19. Ne3 Nb6 20. b3 c6 21. Nc1 h5 22. Nd3 Nd7 23. a4 h4 24. c4 Nf6 25. a5 a6 26. Nf5 hxg3+ 27. hxg3 Bf8 28. Bb4 Bxb4 29. Nxb4 Ne7 30. Ne3 Rd8 31. c5 g6 32. Nd3 Nc8 33. Nf4 Ree8 34. g4 Na7 35. g5 Nd7 36. Rh6 Kg7 37. Reh1 Rh8 38. Nf5+ gxf5 39. Nh5+ Kg8 40. Nf6+ Kg7 41. Nxd7 Nb5 42. Ke3 f4+ 43. Kd3 Nc7 44. Ne5 Ne6 45. Rg1 Rdf8 46. Nd7 1/2-1/2

[Event "OLNO 2223 SC Rotation Pankow - Greifswal"]
[Site "?"]
[Date "2023.03.19"]
[Round "7.3"]
[White "Stopsack, Malte"]
[Black "Neumeier, Lars"]
[Result "0-1"]
[WhiteElo "2170"]
[BlackElo "2299"]
[PlyCount "98"]
[EventDate "2023.??.??"]

1. e4 c5 2. Nc3 e6 3. Nge2 Nc6 4. g3 Nge7 5. Bg2 d6 6. O-O a6 7. d4 cxd4 8. Nxd4 Nxd4 9. Qxd4 Nc6 10. Qd3 Be7 11. Be3 O-O 12. f4 b5 13. a4 b4 14. Ne2 Bb7 15. c4 bxc3 16. Nxc3 Rb8 17. Rfd1 Qa5 18. Bd2 Nb4 19. Qe2 Qd8 20. Be3 Qa5 21. Bd2 Bc6 22. Na2 Qb6+ 23. Be3 Qc7 24. Nxb4 Rxb4 25. Rd4 Rb3 26. Rc4 Qb7 27. Rac1 Rxb2 28. Qe1 Rc8 29. Bd4 Rxg2+ 30. Kxg2 Bxe4+ 31. Kg1 Rxc4 32. Rxc4 d5 33. Rc1 Ba3 34. Qa5 h6 35. Qc7 Qb3 36. Qc3 Qa2 37. Kf1 Bxc1 38. Qxc1 Qxa4 39. Qb2 f6 40. Kf2 Kh7 41. Ke3 Qd1 42. Qb4 a5 43. Qb2 Qd3+ 44. Kf2 Qf3+ 45. Ke1 Qh1+ 46. Kd2 Qxh2+ 47. Kc1 Qxg3 48. Qd2 Qb3 49. Bb2 a4 0-1

[Event "OLNO 2223 SC Rotation Pankow - Greifswal"]
[Site "?"]
[Date "2023.03.19"]
[Round "7.4"]
[White "Dauth, Benjamin"]
[Black "Bartolomaeus, Christian"]
[Result "1/2-1/2"]
[WhiteElo "2261"]
[BlackElo "2201"]
[PlyCount "28"]
[EventDate "2023.??.??"]

1. e4 d6 2. Nc3 g6 3. g3 Bg7 4. Bg2 c5 5. Nge2 Nc6 6. O-O e6 7. d3 Nge7 8. Be3 Nd4 9. Qd2 O-O 10. Nd1 Nxe2+ 11. Qxe2 Qc7 12. c3 Bd7 13. d4 Rac8 14. Qd2 cxd4 1/2-1/2

[Event "OLNO 2223 SC Rotation Pankow - Greifswal"]
[Site "?"]
[Date "2023.03.19"]
[Round "7.5"]
[White "Kalhorn, Stefan"]
[Black "Seils, Joerg"]
[Result "1/2-1/2"]
[WhiteElo "2105"]
[BlackElo "2316"]
[PlyCount "35"]
[EventDate "2023.??.??"]

1. d4 Nf6 2. Nf3 d5 3. g3 e6 4. Bg2 Be7 5. O-O O-O 6. c4 c5 7. cxd5 exd5 8. dxc5 Na6 9. Nc3 Nxc5 10. Bg5 Be6 11. Nd4 h6 12. Nxe6 fxe6 13. Be3 Qd7 14. Bd4 Rac8 15. e4 dxe4 16. Bxc5 Qxd1 17. Raxd1 Bxc5 18. Nxe4 1/2-1/2

[Event "OLNO 2223 SC Rotation Pankow - Greifswal"]
[Site "?"]
[Date "2023.03.19"]
[Round "7.6"]
[White "Bruchmann, Stephan"]
[Black "Lange, Jannis"]
[Result "1-0"]
[WhiteElo "2185"]
[BlackElo "2096"]
[PlyCount "54"]
[EventDate "2023.??.??"]

1. e4 c5 2. Nf3 Nc6 3. Bb5 g6 4. O-O Bg7 5. Re1 Nd4 6. Bc4 e6 7. c3 Nxf3+ 8. Qxf3 Ne7 9. d3 Nc6 10. Qg3 O-O 11. Bf4 e5 12. Be3 d6 13. Nd2 Be6 14. Rad1 Qd7 15. f4 Kh8 16. a3 Rfb8 17. Bxe6 Qxe6 18. Nf3 b5 19. Ng5 Qd7 20. Qh4 h6 21. f5 Kg8 22. f6 Bf8 23. Nh3 h5 24. Nf2 b4 25. g4 bxc3 26. bxc3 hxg4 27. Bh6 Rb2 1-0

[Event "OLNO 2223 SC Rotation Pankow - Greifswal"]
[Site "?"]
[Date "2023.03.19"]
[Round "7.7"]
[White "Patzenhauer, Max"]
[Black "Mueller, Michael"]
[Result "1/2-1/2"]
[WhiteElo "1979"]
[BlackElo "2226"]
[PlyCount "27"]
[EventDate "2023.??.??"]

1. d4 Nf6 2. c4 g6 3. Nc3 d5 4. Bg5 dxc4 5. e3 Bg7 6. Bxc4 O-O 7. Nf3 Nbd7 8. O-O c5 9. Qb3 cxd4 10. Nxd4 Nb6 11. Be2 h6 12. Bh4 e5 13. Ndb5 Qe7 14. Rfd1 1/2-1/2

[Event "OLNO 2223 SC Rotation Pankow - Greifswal"]
[Site "?"]
[Date "2023.03.19"]
[Round "7.8"]
[White "Guth, Thomas"]
[Black "Schwahn, Christian"]
[Result "1-0"]
[WhiteElo "2214"]
[BlackElo "1936"]
[PlyCount "75"]
[EventDate "2023.??.??"]

1. e4 c6 2. d4 d5 3. Nc3 dxe4 4. Nxe4 Bf5 5. Ng3 Bg6 6. f4 e6 7. Nf3 Nd7 8. Bd3 Bd6 9. Bxg6 hxg6 10. Qe2 Ngf6 11. Bd2 Qb6 12. O-O-O Qa6 13. Qxa6 bxa6 14. Ne5 Rc8 15. h3 Nb6 16. Rhe1 O-O 17. Ne4 Nxe4 18. Rxe4 Nd5 19. c4 Ne7 20. Nd3 Rfd8 21. Ba5 Bc7 22. Bxc7 Rxc7 23. Nc5 Nf5 24. b3 a5 25. g4 Nd6 26. Re5 Rcc8 27. Kc2 Kh7 28. Kc3 Rh8 29. Rde1 Kg8 30. R1e3 Rh4 31. a4 Rd8 32. Nd3 Nb7 33. c5 Kf8 34. Nb2 Rd5 35. Nc4 Rxe5 36. Nxe5 Nd8 37. d5 Ke7 38. dxc6 1-0

[Event "OLNO 2223 SK König Tegel II - SC Weisse"]
[Site "?"]
[Date "2023.03.19"]
[Round "7.1"]
[White "Moeller, Hendrik"]
[Black "Jahnz, Fabian"]
[Result "0-1"]
[WhiteElo "2275"]
[BlackElo "2258"]
[PlyCount "91"]
[EventDate "2023.??.??"]

1. c4 c6 2. Nf3 d5 3. b3 Nf6 4. Bb2 Bf5 5. e3 e6 6. Be2 h6 7. O-O Nbd7 8. Nc3 Bd6 9. cxd5 exd5 10. d3 O-O 11. e4 Bg4 12. h3 Bh5 13. e5 Bxf3 14. exd6 Bxe2 15. Nxe2 Qb8 16. Ba3 c5 17. b4 cxb4 18. Bxb4 a5 19. Ba3 b5 20. Ng3 b4 21. Bb2 Qxd6 22. Nf5 Qf4 23. Ne7+ Kh7 24. g3 Qd6 25. Nf5 Qe6 26. g4 Rae8 27. Nd4 Qa6 28. Qd2 Nc5 29. Rad1 Ne6 30. Nf5 Ng8 31. Rfe1 g6 32. Nh4 d4 33. Nf3 Qd6 34. Re5 Nf6 35. Bc1 g5 36. Rde1 Nf4 37. h4 Qd7 38. Rf5 Nxg4 39. Rxe8 Rxe8 40. Rxf4 gxf4 41. Qxf4 Qe6 42. Bb2 Ne5 43. Nxe5 Qxe5 44. Qxf7+ Qg7+ 45. Qxg7+ Kxg7 46. Bxd4+ 0-1

[Event "OLNO 2223 SK König Tegel II - SC Weisse"]
[Site "?"]
[Date "2023.03.19"]
[Round "7.2"]
[White "Rosmann, Ilja"]
[Black "Kyritz, Michael"]
[Result "1/2-1/2"]
[WhiteElo "2296"]
[BlackElo "2179"]
[PlyCount "54"]
[EventDate "2023.??.??"]

1. e4 c5 2. c3 d5 3. exd5 Qxd5 4. d4 Nf6 5. Nf3 e6 6. Na3 Qd8 7. Bf4 cxd4 8. Qxd4 Qxd4 9. Nxd4 Nd5 10. Bg3 Bxa3 11. bxa3 O-O 12. c4 Nf6 13. Nb5 Na6 14. Be2 Bd7 15. Bf3 Bc6 16. Bxc6 bxc6 17. Nd4 Rac8 18. f3 Rfd8 19. Nb3 Rd7 20. Ke2 Nh5 21. Rhd1 Nxg3+ 22. hxg3 Rcd8 23. Rxd7 Rxd7 24. Na5 Kf8 25. Rb1 Rc7 26. Kd2 Ke7 27. Kc3 f6 1/2-1/2

[Event "OLNO 2223 SK König Tegel II - SC Weisse"]
[Site "?"]
[Date "2023.03.19"]
[Round "7.3"]
[White "Gelman, Josef"]
[Black "Acikel, Mert"]
[Result "1/2-1/2"]
[WhiteElo "2089"]
[BlackElo "2244"]
[PlyCount "54"]
[EventDate "2023.??.??"]

1. c4 e6 2. g3 d5 3. Bg2 Nf6 4. Nf3 Be7 5. O-O O-O 6. d4 dxc4 7. Ne5 Nc6 8. Nxc6 bxc6 9. Bxc6 Rb8 10. Nc3 Bb7 11. Bxb7 Rxb7 12. e3 c5 13. Qf3 Rd7 14. dxc5 Bxc5 15. Qf4 Rc7 16. Qxc4 Bxe3 17. Qe2 Bxc1 18. Raxc1 Qc8 19. Rcd1 h6 20. Rd2 Rd8 21. Rxd8+ Qxd8 22. Rd1 Rd7 23. Rxd7 Qxd7 24. Ne4 Nd5 25. Nc3 Nf6 26. Ne4 Nd5 27. Nc3 Nf6 1/2-1/2

[Event "OLNO 2223 SK König Tegel II - SC Weisse"]
[Site "?"]
[Date "2023.03.19"]
[Round "7.4"]
[White "Eilenberg, Jonas"]
[Black "Hoegy, Kevin"]
[Result "1/2-1/2"]
[WhiteElo "2227"]
[BlackElo "2237"]
[PlyCount "65"]
[EventDate "2023.??.??"]

1. d4 Nf6 2. c4 e6 3. Nc3 Bb4 4. Qc2 O-O 5. e4 d5 6. e5 Ne4 7. Bd3 c5 8. Nf3 cxd4 9. Nxd4 Nd7 10. Bf4 Qh4 11. g3 Qh5 12. O-O Bxc3 13. bxc3 g5 14. cxd5 exd5 15. Be3 Nxe5 16. f3 Nc5 17. Bf5 Ne6 18. Rae1 Nc4 19. Nxe6 fxe6 20. Bd3 Nxe3 21. Rxe3 Bd7 22. Qd2 h6 23. Qb2 b6 24. Qa3 Rf6 25. Qd6 Qf7 26. f4 gxf4 27. Rxf4 Rxf4 28. gxf4 Kh8 29. Rg3 Rg8 30. Qe5+ Rg7 31. Qb8+ Qg8 32. Qe5 Qf7 33. Qb8+ 1/2-1/2

[Event "OLNO 2223 SK König Tegel II - SC Weisse"]
[Site "?"]
[Date "2023.03.19"]
[Round "7.5"]
[White "Uhl, Heinz"]
[Black "Anibar, Ahmed"]
[Result "0-1"]
[WhiteElo "2135"]
[BlackElo "2282"]
[PlyCount "60"]
[EventDate "2023.??.??"]

1. c4 Nf6 2. Nc3 g6 3. g3 Bg7 4. Bg2 O-O 5. Nf3 c5 6. O-O Nc6 7. d4 d6 8. dxc5 dxc5 9. Be3 Qa5 10. Qa4 Qxa4 11. Nxa4 b6 12. Rad1 Bd7 13. Ng5 Rac8 14. Nc3 Rfd8 15. b3 h6 16. Nh3 Ng4 17. Bd2 Be8 18. Nd5 e6 19. Ne3 Nxe3 20. Bxe3 Nb4 21. Bf4 g5 22. Bd6 Rd7 23. a3 Nc2 24. e3 Nxa3 25. f4 Nc2 26. Kf2 Rcd8 27. Bc6 Rxd6 28. Rxd6 Rxd6 29. Bxe8 Rd2+ 30. Kf3 g4+ 0-1

[Event "OLNO 2223 SK König Tegel II - SC Weisse"]
[Site "?"]
[Date "2023.03.19"]
[Round "7.6"]
[White "Wierzbicki, Jirawat"]
[Black "Abraham, Ingo"]
[Result "1/2-1/2"]
[WhiteElo "2169"]
[BlackElo "2188"]
[PlyCount "46"]
[EventDate "2023.??.??"]

1. e4 c5 2. Nf3 e6 3. c3 Nf6 4. e5 Nd5 5. Bc4 Nc6 6. d4 cxd4 7. cxd4 d6 8. O-O Be7 9. exd6 Qxd6 10. Nc3 Nxc3 11. bxc3 O-O 12. Qe2 b6 13. Bd3 Bb7 14. Qe4 g6 15. Bg5 Bxg5 16. Nxg5 h6 17. Nh3 Rac8 18. Rac1 Rc7 19. Qe3 Kg7 20. Rc2 Rfc8 21. Rfc1 Ne7 22. Nf4 Nd5 23. Nxd5 Qxd5 1/2-1/2

[Event "OLNO 2223 SK König Tegel II - SC Weisse"]
[Site "?"]
[Date "2023.03.19"]
[Round "7.8"]
[White "Niehaus, Frank"]
[Black "Zhou, Lepu Coco"]
[Result "1/2-1/2"]
[WhiteElo "2145"]
[BlackElo "2034"]
[PlyCount "75"]
[EventDate "2023.??.??"]

1. e4 c5 2. Nf3 e6 3. d4 cxd4 4. Nxd4 Nf6 5. Nc3 Nc6 6. Nxc6 bxc6 7. e5 Nd5 8. Ne4 Qc7 9. f4 Qb6 10. c4 Bb4+ 11. Ke2 f5 12. exf6 Nxf6 13. Be3 Qd8 14. Nd6+ Bxd6 15. Qxd6 Ba6 16. Kf3 Qa5 17. Bc5 O-O-O 18. Bxa7 Qh5+ 19. Ke3 Ng4+ 20. Kd2 Kb7 21. Bd4 Qa5+ 22. b4 Qa3 23. Bd3 Nf6 24. Qc5 Kc8 25. Rhb1 Bb7 26. Rb3 Qa8 27. b5 d6 28. Qg5 c5 29. Bxf6 gxf6 30. Qxf6 Bxg2 31. Qxe6+ Kb8 32. Kc2 Rhe8 33. Qf7 Qf3 34. Kb2 Qf2+ 35. Ka3 Qd2 36. b6 Qa5+ 37. Kb2 Qd2+ 38. Ka3 1/2-1/2

[Event "OLNO 2223 SC Weisse Dame - Greifswalder"]
[Site "?"]
[Date "2023.04.23"]
[Round "8.1"]
[White "Stubbe, Wilko"]
[Black "Moeller, Hendrik"]
[Result "0-1"]
[WhiteElo "2187"]
[BlackElo "2265"]
[PlyCount "82"]
[EventDate "2023.??.??"]

1. Nf3 d5 2. g3 c5 3. Bg2 Nc6 4. c4 d4 5. d3 Nf6 6. O-O e5 7. b4 cxb4 8. a3 b3 9. Qxb3 Bd6 10. e3 dxe3 11. Bxe3 O-O 12. Nc3 Re8 13. Rfd1 Na5 14. Qa2 Bg4 15. h3 Bh5 16. g4 Bg6 17. Bg5 h6 18. Bh4 Nc6 19. Rab1 Rb8 20. Rb2 Qa5 21. Nb5 Be7 22. Bxf6 Bxf6 23. Nd6 Re7 24. Ne4 Rd8 25. Rbd2 Red7 26. Nxf6+ gxf6 27. Nh4 Rxd3 28. Rxd3 Rxd3 29. Rxd3 Qe1+ 30. Kh2 Bxd3 31. Qb3 Qxf2 32. Qxd3 Qxh4 33. Bxc6 bxc6 34. Qf3 c5 35. Qe3 h5 36. Qxc5 hxg4 37. Qc8+ Kg7 38. Qxg4+ Qxg4 39. hxg4 f5 40. c5 Kf6 41. c6 Ke6 0-1

[Event "OLNO 2223 SC Weisse Dame - Greifswalder"]
[Site "?"]
[Date "2023.04.23"]
[Round "8.2"]
[White "Waldmann, Hans-Joachim"]
[Black "Teschke, Olaf"]
[Result "0-1"]
[WhiteElo "2272"]
[BlackElo "2203"]
[PlyCount "120"]
[EventDate "2023.??.??"]

1. d4 e6 2. Nf3 f5 3. g3 Nf6 4. Bg2 d5 5. O-O Bd6 6. c4 c6 7. b3 Qe7 8. a4 a5 9. Ba3 Bxa3 10. Nxa3 O-O 11. Nc2 b6 12. Nce1 Bb7 13. Nd3 Na6 14. e3 dxc4 15. bxc4 c5 16. Nde5 Rfd8 17. Qb3 Nb4 18. Rfd1 Rd6 19. Ng5 Bxg2 20. Kxg2 Rf8 21. h4 h6 22. Nh3 Rfd8 23. Qb2 Ng4 24. Nf3 Qb7 25. Qe2 Qe4 26. dxc5 bxc5 27. Kg1 Ne5 28. Nxe5 Qxe5 29. Nf4 g5 30. Ng6 Qf6 31. h5 Qc3 32. Rac1 Qb3 33. Rxd6 Rxd6 34. Qf3 Nc6 35. g4 f4 36. Qe4 Qb2 37. Rb1 Qe2 38. Kh2 Qxf2+ 39. Qg2 fxe3 40. Qxf2 exf2 41. Kg2 Rd2 42. Rb7 Nb4 43. Ne7+ Kf8 44. Ng6+ Ke8 45. Re7+ Kd8 46. Rxe6 Nd3 47. Rd6+ Kc7 48. Rf6 Rd1 49. Rf7+ Kd8 50. Rxf2 Nxf2 51. Kxf2 Ra1 52. Ne5 Rxa4 53. Nf7+ Ke7 54. Nxh6 Rxc4 55. Nf5+ Kf6 56. Kg3 a4 57. Nd6 Rc3+ 58. Kf2 Rc2+ 59. Ke3 a3 60. Ne4+ Kg7 0-1

[Event "OLNO 2223 SC Weisse Dame - Greifswalder"]
[Site "?"]
[Date "2023.04.23"]
[Round "8.3"]
[White "Leisner, Hannes"]
[Black "Kyritz, Michael"]
[Result "0-1"]
[WhiteElo "2163"]
[BlackElo "2185"]
[PlyCount "58"]
[EventDate "2023.??.??"]

1. e4 c5 2. Nf3 Nc6 3. d4 cxd4 4. Nxd4 Nf6 5. Nc3 d6 6. Bc4 e6 7. Bb3 Be7 8. Be3 a6 9. Qe2 Na5 10. O-O-O Qc7 11. g4 b5 12. g5 Nxb3+ 13. axb3 Nd7 14. h4 Bb7 15. h5 b4 16. Na4 Bxe4 17. f3 Bd5 18. g6 hxg6 19. hxg6 Rxh1 20. gxf7+ Kxf7 21. Rxh1 Bf6 22. Kb1 Nc5 23. Qd2 Nxa4 24. bxa4 Qc4 25. Nb3 Bxf3 26. Rh2 Be4 27. Ka2 Qd5 28. Qc1 Rc8 29. Rd2 Qc6 0-1

[Event "OLNO 2223 SC Weisse Dame - Greifswalder"]
[Site "?"]
[Date "2023.04.23"]
[Round "8.4"]
[White "Gelman, Josef"]
[Black "Stopsack, Malte"]
[Result "1/2-1/2"]
[WhiteElo "2093"]
[BlackElo "2163"]
[PlyCount "78"]
[EventDate "2023.??.??"]

1. d4 Nf6 2. c4 g6 3. Nf3 Bg7 4. g3 O-O 5. Bg2 d6 6. O-O Nc6 7. Nc3 a6 8. d5 Na5 9. Nd2 c5 10. a3 b5 11. cxb5 axb5 12. Nxb5 Qb6 13. Nc3 Ba6 14. Rb1 Nd7 15. Qc2 c4 16. Nf3 Nb3 17. Be3 Qa5 18. Na2 Rfc8 19. Nb4 Bb7 20. Nc6 Bxc6 21. dxc6 Rxc6 22. Nd2 Rc7 23. Nxb3 cxb3 24. Qxb3 Rb8 25. Qa2 Rc2 26. Bd5 Ne5 27. b4 Qa4 28. Qb3 Qxb3 29. Rxb3 e6 30. Be4 Rxe2 31. b5 d5 32. Bb1 Nc4 33. Bd3 Ra2 34. b6 Nxe3 35. fxe3 Bf8 36. b7 Rxa3 37. Rxa3 Bxa3 38. Ba6 Kf8 39. Kg2 Ke7 {(=)} 1/2-1/2

[Event "OLNO 2223 SC Weisse Dame - Greifswalder"]
[Site "?"]
[Date "2023.04.23"]
[Round "8.5"]
[White "Hertel, Johannes"]
[Black "Hoegy, Kevin"]
[Result "1/2-1/2"]
[WhiteElo "2022"]
[BlackElo "2237"]
[PlyCount "94"]
[EventDate "2023.??.??"]

1. d4 Nf6 2. c4 e6 3. g3 Bb4+ 4. Bd2 Qe7 5. Bg2 Nc6 6. a3 Bxd2+ 7. Qxd2 e5 8. Nf3 O-O 9. Nc3 Re8 10. dxe5 Nxe5 11. Nxe5 Qxe5 12. O-O d6 13. Rac1 c6 14. Rcd1 Be6 15. b3 Rad8 16. Qd4 Qa5 17. Ra1 d5 18. b4 Qc7 19. cxd5 Nxd5 20. Bxd5 cxd5 21. Rac1 Qc4 22. Rfd1 b6 23. Qxc4 dxc4 24. Nb5 Rxd1+ 25. Rxd1 a6 26. Nc7 Rc8 27. Nxa6 c3 28. Rc1 Bc4 29. b5 Bxb5 30. Nb4 Rc5 31. Kf1 Kf8 32. Ke1 Ba4 33. e4 Bb3 34. Nd5 Bxd5 35. exd5 Ke7 36. Kd1 Kd6 37. Kc2 Rxd5 38. Rb1 Rd2+ 39. Kxc3 Rxf2 40. Rxb6+ Kc5 41. Rb7 g5 42. Kd3 g4 43. Ke3 Rf3+ 44. Ke4 h5 45. a4 f5+ 46. Ke5 Rf2 47. a5 Rxh2 {(=)} 1/2-1/2

[Event "OLNO 2223 SC Weisse Dame - Greifswalder"]
[Site "?"]
[Date "2023.04.23"]
[Round "8.7"]
[White "Lange, Jannis"]
[Black "Abraham, Ingo"]
[Result "1/2-1/2"]
[WhiteElo "2088"]
[BlackElo "2187"]
[PlyCount "105"]
[EventDate "2023.??.??"]

1. e4 c5 2. Nf3 e6 3. d4 cxd4 4. Nxd4 Nc6 5. Be2 Nf6 6. Nxc6 bxc6 7. Qd4 d5 8. e5 Nd7 9. O-O Qb6 10. Qxb6 axb6 11. Bf4 Bc5 12. c3 Ba6 13. Re1 O-O 14. Nd2 Bxe2 15. Rxe2 b5 16. Nb3 Ra4 17. Bg5 Rfa8 18. a3 Bf8 19. Nd4 R4a6 20. Rd1 h6 21. Bh4 Bc5 22. Nb3 Kf8 23. Kf1 Ke8 24. f3 Bb6 25. Bf2 c5 26. f4 Kd8 27. Bh4+ Kc7 28. Be7 Kc6 29. Bd6 f5 30. Rd3 c4 31. Nd4+ Bxd4 32. Rxd4 g5 33. g4 fxg4 34. fxg5 h5 35. Rf4 Rg8 36. Be7 Rg7 37. Bf6 Rg6 38. h3 gxh3 39. Rh4 Ra8 40. Rxh5 Nc5 41. Rxh3 Rag8 42. Rh6 Rxg5 43. Bxg5 Rxg5 44. Rf6 Rh5 45. Kg2 Rg5+ 46. Kf3 Rg1 47. Rf8 Rf1+ 48. Rf2 Rxf2+ 49. Kxf2 Nd3+ 50. Ke2 Nxe5 51. Re8 Kd6 52. Ra8 Nc6 53. Rh8 1/2-1/2

[Event "OLNO 2223 SC Weisse Dame - Greifswalder"]
[Site "?"]
[Date "2023.04.23"]
[Round "8.8"]
[White "Gross, Thorsten"]
[Black "Patzenhauer, Max"]
[Result "1-0"]
[WhiteElo "2130"]
[BlackElo "1985"]
[PlyCount "85"]
[EventDate "2023.??.??"]

1. c4 e5 2. Nc3 Nc6 3. g3 a6 4. Bg2 Bc5 5. a3 d6 6. b4 Ba7 7. Bb2 f5 8. e3 Nf6 9. Nge2 Qe7 10. Nd5 Qf7 11. Nxf6+ Qxf6 12. Nf4 Qf7 13. Bd5 Qf8 14. Ne2 Ne7 15. Bg2 Qf7 16. Rc1 c6 17. O-O h5 18. h4 g5 19. hxg5 h4 20. f4 hxg3 21. c5 Ng6 22. Qe1 Be6 23. cxd6 Qh7 24. Qxg3 Nxf4 25. Nxf4 exf4 26. Qxf4 Rg8 27. Bf6 Kd7 28. Kf2 Raf8 29. Rh1 Qg6 30. Rh6 Qe8 31. Rh7+ Rf7 32. Rch1 Bb8 33. Be5 Bb3 34. Qxf5+ Be6 35. Rxf7+ Qxf7 36. Qxf7+ Bxf7 37. Rh7 Ke6 38. Bf4 Rf8 39. Bh3+ Kd5 40. Rh6 Rd8 41. Rf6 Bg8 42. d3 c5 43. Bg2# 1-0

[Event "OLNO 2223 SC Kreuzberg - SC Rotation Pan"]
[Site "?"]
[Date "2023.04.23"]
[Round "8.1"]
[White "Szelag, Marcin"]
[Black "Glek, Igor"]
[Result "1/2-1/2"]
[WhiteElo "2400"]
[BlackElo "2443"]
[PlyCount "85"]
[EventDate "2023.??.??"]

1. e4 e6 2. d4 d5 3. Nc3 Nf6 4. e5 Nfd7 5. f4 c5 6. Nf3 Nc6 7. Be3 Be7 8. Qd2 O-O 9. dxc5 Bxc5 10. O-O-O Qb6 11. Nd4 Nxd4 12. Bxd4 Bxd4 13. Qxd4 Qxd4 14. Rxd4 Nb8 15. h4 Bd7 16. h5 h6 17. Rd2 Nc6 18. Be2 Rac8 19. Rf1 a6 20. a3 Rc7 21. Bg4 Na5 22. Rf3 Rfc8 23. Rg3 Nc4 24. Rdd3 b5 25. Ne2 a5 26. Nd4 b4 27. axb4 axb4 28. b3 Na3 29. Bd1 Ra7 30. Rg4 Rc3 31. Rdg3 Rxg3 32. Rxg3 Nb5 33. Nxb5 Bxb5 34. Kd2 Kf8 35. Rg4 Be8 36. Be2 Rb7 37. Ke3 f5 38. Rh4 Rc7 39. Bd3 Rc3 40. Kd4 Rc7 41. g3 Bf7 42. Rh1 Ke7 43. Rh4 1/2-1/2

[Event "OLNO 2223 SC Kreuzberg - SC Rotation Pan"]
[Site "?"]
[Date "2023.04.23"]
[Round "8.2"]
[White "Glantz, Robert"]
[Black "Tomczak, Rafal"]
[Result "1-0"]
[WhiteElo "2360"]
[BlackElo "2318"]
[PlyCount "141"]
[EventDate "2023.??.??"]

1. d4 d5 2. Nf3 Nf6 3. Bf4 c6 4. e3 h6 5. h3 Bf5 6. Nbd2 e6 7. c4 Nbd7 8. Qb3 Qc8 9. Be2 Be7 10. Rc1 O-O 11. O-O Ne4 12. Nxe4 Bxe4 13. Qc3 Qd8 14. Nd2 Bg6 15. c5 Re8 16. Bh2 Nf6 17. b4 a6 18. f3 b5 19. Nb3 Qd7 20. Ra1 Bd8 21. a4 Bc7 22. Bxc7 Qxc7 23. Ra2 Qg3 24. Rfa1 Rac8 25. axb5 axb5 26. Qe1 Ne4 27. Qxg3 Nxg3 28. Kf2 Nxe2 29. Kxe2 Rc7 30. Ra7 Rxa7 31. Rxa7 Rc8 32. Na5 f6 33. Nb7 Rc7 34. Ra8+ Kh7 35. Nd8 Bf7 36. Ra6 Be8 37. Nxe6 Re7 38. Nd8 Rc7 39. Kd3 f5 40. Ne6 Re7 41. Nd8 Rc7 42. h4 h5 43. Ke2 Bd7 44. Nf7 Bc8 45. Ng5+ Kg6 46. Ra8 Kf6 47. Kf2 f4 48. e4 g6 49. Ke2 Ke7 50. Kd3 Kf6 51. Kc3 Ke7 52. Ra2 Kf6 53. Ra5 Bd7 54. exd5 cxd5 55. Ra6+ Bc6 56. Nh3 Kf5 57. Nf2 g5 58. hxg5 Kxg5 59. Nd3 Rc8 60. Kd2 Kf5 61. Ke2 h4 62. Kf2 Be8 63. Rd6 Bf7 64. Ne5 Be6 65. Ra6 Rh8 66. c6 Bc8 67. Rb6 h3 68. gxh3 Rxh3 69. Rxb5 Rh2+ 70. Ke1 Ke6 71. Rb8 1-0

[Event "OLNO 2223 SC Kreuzberg - SC Rotation Pan"]
[Site "?"]
[Date "2023.04.23"]
[Round "8.3"]
[White "Neumeier, Lars"]
[Black "Strache, Michael"]
[Result "1-0"]
[WhiteElo "2306"]
[BlackElo "2287"]
[PlyCount "69"]
[EventDate "2023.??.??"]

1. d4 d5 2. Nf3 c5 3. e3 Nf6 4. c4 e6 5. Nc3 a6 6. cxd5 exd5 7. Be2 Nc6 8. O-O Bd6 9. dxc5 Bxc5 10. a3 O-O 11. b4 Ba7 12. Bb2 Bg4 13. b5 axb5 14. Nxb5 Bb6 15. h3 Be6 16. Nfd4 Qe7 17. Bd3 Nxd4 18. Nxd4 Bc7 19. Nb5 Bb8 20. Qf3 Bd7 21. a4 Be5 22. Ba3 Qd8 23. Bxf8 Qxf8 24. Ra2 Qe7 25. Rb1 g6 26. Qd1 Kg7 27. Nd4 Bc8 28. Rc2 Ne4 29. Rb5 Bd7 30. Rxb7 Nd6 31. Nc6 Nxb7 32. Nxe7 Bxa4 33. f4 Bxc2 34. Qxc2 Re8 35. Nxd5 1-0

[Event "OLNO 2223 SC Kreuzberg - SC Rotation Pan"]
[Site "?"]
[Date "2023.04.23"]
[Round "8.4"]
[White "Maetzkow, Maximilian Paul"]
[Black "Dauth, Benjamin"]
[Result "1/2-1/2"]
[WhiteElo "2242"]
[BlackElo "2259"]
[PlyCount "63"]
[EventDate "2023.??.??"]

1. e4 e5 2. Nf3 Nc6 3. Bb5 a6 4. Ba4 Nf6 5. d3 d6 6. c3 Be7 7. O-O O-O 8. Nbd2 b5 9. Bc2 d5 10. Re1 dxe4 11. dxe4 h6 12. h3 Be6 13. Qe2 Bd6 14. b4 Ne7 15. a4 c6 16. Nh4 Qc8 17. Qf3 c5 18. bxc5 Qxc5 19. Nb3 Bxb3 20. Bxb3 Rac8 21. axb5 axb5 22. Bd2 Bb8 23. Ra6 Rc6 24. Rxc6 Qxc6 25. Nf5 Nxf5 26. Qxf5 Kh8 27. Re2 Bc7 28. g4 g6 29. Qf3 Kg7 30. Bxh6+ Kxh6 31. g5+ Kg7 32. Qxf6+ 1/2-1/2

[Event "OLNO 2223 SC Kreuzberg - SC Rotation Pan"]
[Site "?"]
[Date "2023.04.23"]
[Round "8.5"]
[White "Seils, Joerg"]
[Black "Glienke, Manfred"]
[Result "1/2-1/2"]
[WhiteElo "2313"]
[BlackElo "2194"]
[PlyCount "30"]
[EventDate "2023.??.??"]

1. e4 c6 2. Nc3 d5 3. Nf3 dxe4 4. Nxe4 Nf6 5. Ng3 h5 6. h3 e6 7. d4 Bd6 8. Bd3 Qc7 9. Ne4 Nxe4 10. Bxe4 Nd7 11. c3 Nf6 12. Bd3 b6 13. Qe2 Bb7 14. Bg5 O-O-O 15. O-O-O Rde8 {(=)} 1/2-1/2